1686 1017 1546 1744 1052 1318 1070 1070 1450 1565 1572 1926 1488 1103 1088 1391 1111 1188 1269 1861 1372 1834 1295 1562 1903 1109 1682 1295 1007 1956 1797 1870 1755 1566 1990 1347 1604 1805 1083 1646 1493 1460 1790 1344 1153 1892 1646 1859 1820 1424 1852 1171 1952 1355 1342 1020 1756 1009 1235 1341 1653 1339 1995 1698 1624 1623 1894 1931 1770 1880 1286 1947 1381 1587 1309 1005 1161 1260 1544 1970 1081 1643 1386 1820 1859 1267 1600 1188 1170 1597 1704 1442 1947 1021 1662 1658 1584 1717 1873 BCNSPRNW ULIB Ver.6.0+V

เปลี่ยนเป็นภาษาไทย

Change to English
 แสดงรายละเอียดบรรณานุกรม
  กลับหน้าหลัก

Brief Record : Get Marc (ISO 2709) : E-mail record : QR code < ปิดหน้าต่าง
LEADER : 00000nam 2200000uu 4500
001    13399120959
003     ULIB
008    121029s2546||||th 000 0 tha d
020    ^a9746520121
060 04 ^aWQ200^bอ111ต 2546
100 0  ^aอติวุทธ กมุทมาศ
245 00 ^aตำราสูติศาสตร์ชุดการตั้งครรภ์และการคลอดปกติ /^cบรรณาธิการอติวุทธ กมุทมาศ
260    ^aกรุงเทพฯ :^bบุ๊คเน็ท,^c2546
300    ^a318 หน้า :^bภาพประกอบ ;^c27 ซม.
650  7 ^aการคลอด
650  7 ^aครรภ์
650  7 ^aสูติศาสตร์
700 0  ^aอติวุทธ กมุทมาศ,^eบรรณาธิการ
945    ^p0^l0^i12945
945    ^p0^l0^i12942
945    ^p0^l0^i12212
945    ^p0^l0^i12215
945    ^p0^l0^i12941
945    ^p0^l0^i15108
995    ^aกัณชพร
999 ^a ใช้งานได้ทุกระบบ
รายการนี้ยังไม่มีแท็ก
คุณยังไม่ได้ล็อกอิน คุณสามารถมีกิจกรรมร่วมกับเว็บไซต์ได้ แต่ต้องล็อกอินก่อน ::
  ล็อกอิน

รายการสื่อสารสนเทศ

ลำดับที่ ประเภท เลขเรียก/บาร์โค้ด สถานที่ สถานะ
1. วิทยาศาสตร์การแพทย์ และสุขภาพ
วิทยาศาสตร์การแพทย์ และสุขภาพ
WQ200 อ111ต 2546  
  Barcode: 12941
ห้องสมุดวิทยาเขตสวรรค์ประชารักษ์
►หนังสือทั่วไป
บนชั้น
2. วิทยาศาสตร์การแพทย์ และสุขภาพ
วิทยาศาสตร์การแพทย์ และสุขภาพ
WQ200 อ111ต 2546 ฉ.1 
  Barcode: 12212
ห้องสมุดวิทยาเขตสวรรค์ประชารักษ์
►หนังสือทั่วไป
บนชั้น
3. วิทยาศาสตร์การแพทย์ และสุขภาพ
วิทยาศาสตร์การแพทย์ และสุขภาพ
WQ200 อ111ต 2546 ฉ.2 
  Barcode: 12942
ห้องสมุดวิทยาเขตสวรรค์ประชารักษ์
►หนังสือทั่วไป
บนชั้น
4. วิทยาศาสตร์การแพทย์ และสุขภาพ
วิทยาศาสตร์การแพทย์ และสุขภาพ
WQ200 อ111ต 2546 ฉ.4 
  Barcode: 12215
ห้องสมุดวิทยาเขตสวรรค์ประชารักษ์
►หนังสือทั่วไป
บนชั้น
5. วิทยาศาสตร์การแพทย์ และสุขภาพ
วิทยาศาสตร์การแพทย์ และสุขภาพ
WQ200 อ111ต 2546 ฉ.5 
  Barcode: 12945
ห้องสมุดวิทยาเขตสวรรค์ประชารักษ์
►หนังสือทั่วไป
บนชั้น
6. วิทยาศาสตร์การแพทย์ และสุขภาพ
วิทยาศาสตร์การแพทย์ และสุขภาพ
WQ200 อ111ต 2546 ฉ.6 
  Barcode: 15108
ห้องสมุดวิทยาเขตสวรรค์ประชารักษ์
►หนังสือทั่วไป
บนชั้น

รายการใกล้เคียง
    ผู้แต่ง [อติวุทธ กมุทมาศ]

    หัวเรื่อง [การคลอด]
    หัวเรื่อง [ครรภ์]
    หัวเรื่อง [สูติศาสตร์]

BibComment


ยังไม่เคยถูกคอมเมนท์

คอมเมนท์ทรัพยากรรายการนี้
  คอมเมนท์: ตำราสูติศาสตร์ชุ..


 Copyright 2026. Bcnsprnw @Library